| 000 | 00475nam a2200157 4500 | ||
|---|---|---|---|
| 001 | 140301 | ||
| 003 | ES-MaACL | ||
| 005 | 20230906200042.0 | ||
| 007 | t| | ||
| 008 | 070214s1913 bl r ||||1| por d | ||
| 100 | 1 |
_aSchupp, Ambrosio. _9104823 |
|
| 245 | 1 | 0 |
_aAs cobras do Rio Grande do Sul / _cAmbrosio Schupp. |
| 260 |
_aPetrópolis (Brasil) : _b[s.n.], _c1913 ( _fImp. Voz es de Petrópolis) |
||
| 300 |
_a124 p., 1 lám. : _bil. ; _c16 cm. |
||
| 852 |
_aES-MaACL _jG-2043 |
||
| 999 |
_c140301 _d140301 |
||